| 000 | 00710nam a2200241 a 4500 | ||
|---|---|---|---|
| 001 | 42788 | ||
| 003 | (BD-RjUL) | ||
| 005 | 20211209053607.0 | ||
| 008 | 160615s1965 nyua i 001 0 eng | ||
| 035 | _a(BD-RjUL)42906 | ||
| 040 |
_aDLC _cYNG _dSER _dUKM _dEQO _dBD-RjUL _beng |
||
| 041 | _aeng | ||
| 082 |
_a330 _223 _bWRI 1965 |
||
| 100 | 1 |
_aWright, Frank Joseph, _d1905- _9131500 |
|
| 245 | 1 | 3 |
_aAn introduction to the principles of economics / _cby F. J. Wright. |
| 250 | _a[1st ed.] | ||
| 260 |
_aOxford ; _aNew York : _bPergamon Press, _cc1965 |
||
| 300 |
_aix, 194 p. : _bill. ; _c20 cm. |
||
| 500 | _aInclude index | ||
| 650 | 0 |
_aEconomics. _9131501 |
|
| 942 |
_2ddc _cBK |
||
| 999 |
_c42788 _d42788 |
||